Musings of A Military Maverick/ (Record no. 211299)

MARC details
000 -LEADER
fixed length control field 00496nam a22001697a 4500
010 ## - LCCN (DPL NO)
LC control number ENG-144889
020 ## - INTERNATIONAL STANDARD BOOK NUMBER
International Standard Book Number 9781482872842
Terms of availability 350.00
035 ## - SYSTEM CONTROL NUMBER
System control number EN-128421
037 ## - SOURCE OF ACQUISITION
Source of stock number/acquisition DBAD
082 ## - DEWEY DECIMAL CLASSIFICATION NUMBER
Classification number 322.509547
100 ## - MAIN ENTRY--PERSONAL NAME
Personal name Sharma Yoginder
245 ## - TITLE STATEMENT
Title Musings of A Military Maverick/
Statement of responsibility, etc Yoginder Sharma
260 ## - PUBLICATION, DISTRIBUTION, ETC. (IMPRINT)
Date of publication, distribution, etc 2016
Place of publication, distribution, etc India
Name of publisher, distributor, etc Partridge India
270 ## - ADDRESS
City India
Electronic mail address india@partridgepublishing.com
300 ## - PHYSICAL DESCRIPTION
Extent xix;121p.
Dimensions 23cm(PB)
942 ## - ADDED ENTRY ELEMENTS (KOHA)
Source of classification or shelving scheme Dewey Decimal Classification
Item type English Books
Classification part 322.509547
Call number suffix SHA
Holdings
Withdrawn status Lost status Not for loan Home library Current library Date acquired Source of acquisition Cost, normal purchase price Full call number Barcode Copy number Cost, replacement price Koha item type
    Not For Loan D.B.Act.Division D.B.Act.Division 16/05/2025 DBAD 350.00 322.509547 SHA EN-128421 1 350.00 English Books

© Delhi Public Library
Hit Counter
free hit counter